<?xml version="1.0" encoding="UTF-8"?>
<record
    xmlns:xsi="http://www.w3.org/2001/XMLSchema-instance"
    xsi:schemaLocation="http://www.loc.gov/MARC21/slim http://www.loc.gov/standards/marcxml/schema/MARC21slim.xsd"
    xmlns="http://www.loc.gov/MARC21/slim">

  <leader>00652nam a22001577a 4500</leader>
  <controlfield tag="003">OSt</controlfield>
  <controlfield tag="005">20151111151650.0</controlfield>
  <controlfield tag="008">151111b        xxu||||| |||| 00| 0 eng d</controlfield>
  <datafield tag="040" ind1=" " ind2=" ">
    <subfield code="c">RUA</subfield>
  </datafield>
  <datafield tag="082" ind1=" " ind2=" ">
    <subfield code="a">FOR MO 2008 B134 Or.1</subfield>
  </datafield>
  <datafield tag="100" ind1=" " ind2=" ">
    <subfield code="9">3563</subfield>
    <subfield code="a">MO, LIDA.</subfield>
  </datafield>
  <datafield tag="245" ind1=" " ind2=" ">
    <subfield code="a">Correlation between length and weight of three rattan species from kampong thom province, &#x1791;&#x17C6;&#x1793;&#x17B6;&#x1780;&#x17CB;&#x1791;&#x17C6;&#x1793;&#x1784;&#x179A;&#x179C;&#x17B6;&#x1784;&#x1794;&#x17D2;&#x179A;&#x179C;&#x17C2;&#x1784; &#x1793;&#x17B7;&#x1784;&#x1791;&#x17C6;&#x1784;&#x1793;&#x17CB;&#x1795;&#x17D2;&#x178A;&#x17C5; &#x1794;&#x17B8;&#x1794;&#x17D2;&#x179A;&#x1797;&#x17C1;&#x1791;&#x178A;&#x17C2;&#x179B;&#x1798;&#x17B6;&#x1793;&#x1794;&#x17D2;&#x179A;&#x1797;&#x1796;&#x1780;&#x1798;&#x1796;&#x17B8;&#x1781;&#x17C1;&#x178F;&#x17D2;&#x178F;&#x1780;&#x17C6;&#x1796;&#x1784;&#x17CB;&#x1792;&#x17C6;</subfield>
  </datafield>
  <datafield tag="260" ind1=" " ind2=" ">
    <subfield code="a">Phnom Penh</subfield>
    <subfield code="b">RUA</subfield>
    <subfield code="c">2008</subfield>
  </datafield>
  <datafield tag="300" ind1=" " ind2=" ">
    <subfield code="a">xi; 55p.</subfield>
    <subfield code="b">ill.</subfield>
    <subfield code="c">29cm.</subfield>
  </datafield>
  <datafield tag="942" ind1=" " ind2=" ">
    <subfield code="2">ddc</subfield>
    <subfield code="c">FOR</subfield>
  </datafield>
  <datafield tag="999" ind1=" " ind2=" ">
    <subfield code="c">3318</subfield>
    <subfield code="d">3318</subfield>
  </datafield>
  <datafield tag="952" ind1=" " ind2=" ">
    <subfield code="0">0</subfield>
    <subfield code="1">0</subfield>
    <subfield code="2">ddc</subfield>
    <subfield code="4">0</subfield>
    <subfield code="6">FOR_MO_2008_000000000000000_B134_OR_1</subfield>
    <subfield code="7">0</subfield>
    <subfield code="9">15558</subfield>
    <subfield code="a">LBB</subfield>
    <subfield code="b">LBB</subfield>
    <subfield code="c">B134</subfield>
    <subfield code="d">2015-11-11</subfield>
    <subfield code="o">FOR MO 2008 B134 Or.1</subfield>
    <subfield code="p">RUA028335</subfield>
    <subfield code="r">2015-11-11</subfield>
    <subfield code="w">2015-11-11</subfield>
    <subfield code="y">FOR</subfield>
  </datafield>
  <datafield tag="952" ind1=" " ind2=" ">
    <subfield code="0">0</subfield>
    <subfield code="1">0</subfield>
    <subfield code="2">ddc</subfield>
    <subfield code="4">0</subfield>
    <subfield code="6">FOR_MO_2008_000000000000000_B134_OR_2</subfield>
    <subfield code="7">0</subfield>
    <subfield code="9">15559</subfield>
    <subfield code="a">LBB</subfield>
    <subfield code="b">LBB</subfield>
    <subfield code="c">B134</subfield>
    <subfield code="d">2015-11-11</subfield>
    <subfield code="o">FOR MO 2008 B134 Or.2</subfield>
    <subfield code="p">RUA028048</subfield>
    <subfield code="r">2015-11-11</subfield>
    <subfield code="w">2015-11-11</subfield>
    <subfield code="y">FOR</subfield>
  </datafield>
  <datafield tag="952" ind1=" " ind2=" ">
    <subfield code="0">0</subfield>
    <subfield code="1">0</subfield>
    <subfield code="2">ddc</subfield>
    <subfield code="4">0</subfield>
    <subfield code="6">FOR_MO_2008_000000000000000_B134_OR_3</subfield>
    <subfield code="7">0</subfield>
    <subfield code="9">15560</subfield>
    <subfield code="a">LBB</subfield>
    <subfield code="b">LBB</subfield>
    <subfield code="c">B134</subfield>
    <subfield code="d">2015-11-11</subfield>
    <subfield code="o">FOR MO 2008 B134 Or.3</subfield>
    <subfield code="p">RUA028259</subfield>
    <subfield code="r">2015-11-11</subfield>
    <subfield code="w">2015-11-11</subfield>
    <subfield code="y">FOR</subfield>
  </datafield>
  <datafield tag="952" ind1=" " ind2=" ">
    <subfield code="0">0</subfield>
    <subfield code="1">0</subfield>
    <subfield code="2">ddc</subfield>
    <subfield code="4">0</subfield>
    <subfield code="6">FOR_MO_2008_000000000000000_B134_OR_4</subfield>
    <subfield code="7">0</subfield>
    <subfield code="9">15561</subfield>
    <subfield code="a">LBB</subfield>
    <subfield code="b">LBB</subfield>
    <subfield code="c">B134</subfield>
    <subfield code="d">2015-11-11</subfield>
    <subfield code="o">FOR MO 2008 B134 Or.4</subfield>
    <subfield code="p">RUA028144</subfield>
    <subfield code="r">2015-11-11</subfield>
    <subfield code="w">2015-11-11</subfield>
    <subfield code="y">FOR</subfield>
  </datafield>
  <datafield tag="952" ind1=" " ind2=" ">
    <subfield code="0">0</subfield>
    <subfield code="1">0</subfield>
    <subfield code="2">ddc</subfield>
    <subfield code="4">0</subfield>
    <subfield code="6">FOR_MO_2008_000000000000000_B134_OR_5</subfield>
    <subfield code="7">0</subfield>
    <subfield code="9">15562</subfield>
    <subfield code="a">LBB</subfield>
    <subfield code="b">LBB</subfield>
    <subfield code="c">B134</subfield>
    <subfield code="d">2015-11-11</subfield>
    <subfield code="o">FOR MO 2008 B134 Or.5</subfield>
    <subfield code="p">RUA028007</subfield>
    <subfield code="r">2015-11-11</subfield>
    <subfield code="w">2015-11-11</subfield>
    <subfield code="y">FOR</subfield>
  </datafield>
  <datafield tag="952" ind1=" " ind2=" ">
    <subfield code="0">0</subfield>
    <subfield code="1">0</subfield>
    <subfield code="2">ddc</subfield>
    <subfield code="4">0</subfield>
    <subfield code="6">FOR_MO_2008_000000000000000_B134_OR_6</subfield>
    <subfield code="7">0</subfield>
    <subfield code="9">15563</subfield>
    <subfield code="a">LBB</subfield>
    <subfield code="b">LBB</subfield>
    <subfield code="c">B134</subfield>
    <subfield code="d">2015-11-11</subfield>
    <subfield code="o">FOR MO 2008 B134 Or.6</subfield>
    <subfield code="p">RUA028261</subfield>
    <subfield code="r">2015-11-11</subfield>
    <subfield code="w">2015-11-11</subfield>
    <subfield code="y">FOR</subfield>
  </datafield>
  <datafield tag="952" ind1=" " ind2=" ">
    <subfield code="0">0</subfield>
    <subfield code="1">0</subfield>
    <subfield code="2">ddc</subfield>
    <subfield code="4">0</subfield>
    <subfield code="6">FOR_MO_2008_000000000000000_B134_OR_7</subfield>
    <subfield code="7">0</subfield>
    <subfield code="9">15761</subfield>
    <subfield code="a">LBB</subfield>
    <subfield code="b">LBB</subfield>
    <subfield code="c">B134</subfield>
    <subfield code="d">2015-11-12</subfield>
    <subfield code="o">FOR MO 2008 B134 Or.7</subfield>
    <subfield code="p">RUA027008</subfield>
    <subfield code="r">2015-11-12</subfield>
    <subfield code="w">2015-11-12</subfield>
    <subfield code="y">FOR</subfield>
  </datafield>
  <datafield tag="952" ind1=" " ind2=" ">
    <subfield code="0">0</subfield>
    <subfield code="1">0</subfield>
    <subfield code="2">ddc</subfield>
    <subfield code="4">0</subfield>
    <subfield code="6">FOR_MO_2008_000000000000000_B134_OR_8</subfield>
    <subfield code="7">0</subfield>
    <subfield code="9">15762</subfield>
    <subfield code="a">LBB</subfield>
    <subfield code="b">LBB</subfield>
    <subfield code="c">B134</subfield>
    <subfield code="d">2015-11-12</subfield>
    <subfield code="o">FOR MO 2008 B134 Or.8</subfield>
    <subfield code="p">RUA027421</subfield>
    <subfield code="r">2015-11-12</subfield>
    <subfield code="w">2015-11-12</subfield>
    <subfield code="y">FOR</subfield>
  </datafield>
  <datafield tag="952" ind1=" " ind2=" ">
    <subfield code="0">0</subfield>
    <subfield code="1">0</subfield>
    <subfield code="2">ddc</subfield>
    <subfield code="4">0</subfield>
    <subfield code="6">FOR_MO_2008_000000000000000_B134_OR_9</subfield>
    <subfield code="7">0</subfield>
    <subfield code="9">15763</subfield>
    <subfield code="a">LBB</subfield>
    <subfield code="b">LBB</subfield>
    <subfield code="c">B134</subfield>
    <subfield code="d">2015-11-12</subfield>
    <subfield code="o">FOR MO 2008 B134 Or.9</subfield>
    <subfield code="p">RUA027431</subfield>
    <subfield code="r">2015-11-12</subfield>
    <subfield code="w">2015-11-12</subfield>
    <subfield code="y">FOR</subfield>
  </datafield>
  <datafield tag="952" ind1=" " ind2=" ">
    <subfield code="0">0</subfield>
    <subfield code="1">0</subfield>
    <subfield code="2">ddc</subfield>
    <subfield code="4">0</subfield>
    <subfield code="6">FOR_MO_2008_000000000000000_B134_OR_10</subfield>
    <subfield code="7">0</subfield>
    <subfield code="9">15764</subfield>
    <subfield code="a">LBB</subfield>
    <subfield code="b">LBB</subfield>
    <subfield code="c">B134</subfield>
    <subfield code="d">2015-11-12</subfield>
    <subfield code="o">FOR MO 2008 B134 Or.10</subfield>
    <subfield code="p">RUA027355</subfield>
    <subfield code="r">2015-11-12</subfield>
    <subfield code="w">2015-11-12</subfield>
    <subfield code="y">FOR</subfield>
  </datafield>
</record>
